Bruhat Paribhaashika Shabda Sangraha Vidnyaan:Computar Kruta Detaabase (Record no. 349457)

MARC details
000 -LEADER
fixed length control field 005300000a22001690004500
005 - DATE AND TIME OF LATEST TRANSACTION
control field 20120302055821.0
040 ## - CATALOGING SOURCE
Original cataloging agency E.H
245 ## - TITLE STATEMENT
Title Bruhat Paribhaashika Shabda Sangraha Vidnyaan:Computar Kruta Detaabase
260 ## - PUBLICATION, DISTRIBUTION, ETC. (IMPRINT)
Place of publication, distribution, etc Naie Delhi:Vaidnyaanika Tathaa Takanikee Shabdaawalee Aayoga,1994.
300 ## - PHYSICAL DESCRIPTION
Extent 1019-2058p.
490 ## - SERIES STATEMENT
Series statement Raashtriya Shabdaawalee Bank Granthmaalaa-3
650 ## - SUBJECT ADDED ENTRY--TOPICAL TERM
Topical term or geographic name as entry element Shabdasangraha
650 ## - SUBJECT ADDED ENTRY--TOPICAL TERM
Topical term or geographic name as entry element Paaribhaashika Shabdasangraha
650 ## - SUBJECT ADDED ENTRY--TOPICAL TERM
Topical term or geographic name as entry element Vidnyaan-Shabdasangraha
650 ## - SUBJECT ADDED ENTRY--TOPICAL TERM
Topical term or geographic name as entry element L-Z Shabda
942 ## - ADDED ENTRY ELEMENTS (KOHA)
Koha item type Book
Holdings
Withdrawn status Lost status Damaged status Not for loan Home library Current library Date acquired Total Checkouts Barcode Date last seen Price effective from
        Institute For Oriental Study, Thane Institute For Oriental Study, Thane 12/02/2009   IOS-14145 12/02/2009 12/02/2009